Economic Policy Modelling Based on Multi-criteria Decision Making dizertačná práca
Na minha lista:
| Autor principal: | |
|---|---|
| Autor Corporativo: | |
| Outros Autores: | |
| Formato: | Livro |
| Idioma: | inglês |
| Publicado em: |
Bratislava
2017
|
| Assuntos: | |
| Tags: |
Sem tags, seja o primeiro a adicionar uma tag!
|
MARC
| LEADER | 00000nbm a2200000 4500 | ||
|---|---|---|---|
| 001 | 0230054 | ||
| 005 | 20240502073800.3 | ||
| 041 | 0 | |a eng | |
| 044 | |a SK | ||
| 245 | 1 | 0 | |a Economic Policy Modelling Based on Multi-criteria Decision Making |b dizertačná práca |c Kristína Petríková ; školiteľ: Mikuláš Luptáčik |
| 264 | 1 | |a Bratislava |c 2017 | |
| 300 | |a 106 s. | ||
| 610 | 2 | 0 | |a politika hospodárska |
| 610 | 2 | 0 | |a modelovanie ekonometrické |
| 610 | 2 | 0 | |a rozhodovanie |
| 610 | 2 | 0 | |a Slovensko |
| 100 | 1 | |a Petríková, Kristína | |
| 700 | 1 | |a Luptáčik, Mikuláš | |
| 710 | 2 | |a Národohospodárska fakulta EU. Katedra hospodárskej politiky | |